L'orque en images - Statistiques

Statistiques générales
  • Ce quiz a été pris 56 fois
  • Le résultat moyen est 4 sur 8
Statistiques - réponses
Par images Hint Réponse % Correct
Plus proche du dauphin ou de la baleine ? Du dauphin
95%
Un classique du cinéma, catégorie "Famille" Sauvez Willy
76%
L'équivalent en France du parc Seaworld d'Orlando ? Marineland
71%
Célèbre comme étant "l'orque tueuse" ? Tilikum
71%
Un autre classique... catégorie "Horreur" cette fois-ci Orca
34%
L'anime où cette orque existe ? My Hero Academia
29%
Le type de structure sociale caractérisant les orques ? Matriarcale
16%
La ville où cette statue est exposée ? Vancouver
8%
Aucun quiz correspondant
Distribution des résultats
% des personnes avec chaque résultat
Percentile par nombre de réponses
Votre historique - résultats
Vous n’avez pas pris ce quiz